| 000 | 00469nam a22001697a 4500 | ||
|---|---|---|---|
| 005 | 20251108172949.0 | ||
| 008 | 250721s2003 xx 000 0 ara d | ||
| 082 | 1 | 4 | _a398.6/عطي |
| 100 | 1 | _aعطيات، أحمد | |
| 245 | 1 | 0 | _aموسوعة الألغاز و الأمثال و الأوائل / |
| 264 | 1 |
_aعمان : _bالمؤلف، _c2003. |
|
| 300 | _a91 ص. | ||
| 650 | 1 | 7 | _aالألغاز |
| 650 | 1 | 7 | _aالأمثال |
| 942 |
_2ddc _cBK |
||
| 999 |
_c92914 _d92914 |
||